01365agaaa2200313 45000010005000000030009000050050017000140070009000310080040000400400023000800410013001031000054001161300028001702400034001982450127002322460027003592500022003862600120004083000022005285080030005505110088005805200109006685380016007775460013007936500062008067000056008687000066009247000061009906253IT-RoPAU20220918181227.0d cvaizq50131s9999||||xx ||| | || ||und|| aIT-RoPAUcIT-RoPAU aITALIANO aMoliere Jean-BaptistegCodice regista SPICS: 3666 aMALATO IMMAGINARIO (IL) aMALADE IMAGINAIRE (LE)gT2201 aMALATO IMMAGINARIO (IL)cDiretto da: Moliere Jean-BaptistepMALATO IMMAGINARIO (IL) (Rif. Codice opera principale : 26253) aMALADE IMAGINAIRE (LE) aEdizione Standard aROMA (ITALIA)bRAI - RADIO TELEVISIONE ITALIANA / Distribuzione: RAIg"1984 (1° ed.: 1984 ; Ed. Lingua Orig.: nd)" aVHSbsonoro, col. a"Musica: Ciarchi Paolo; " a"Parenti Franco; Muzio Francesca; Verchi Manuela; Martell Daniela; Alpestre Franco" aTEATRO CARTELLONE DI PROSA DAL SALONE PIER LOMBARDO DI MILANO COOPERATIVA TEATRO FRANCO PARENTI COMMEDIA aPAL, STEREO aITALIANO aTEATROeTV-TEATRO/DANZA [VHS]xCodice MATERIA SPICS: 9961 aCiarchi Paoloe(musica)gCodice Musica SPICS: 32891 aMoliere Jean-Baptiste e(regista)gCodice regista SPICS: 3666 aParenti Franco e(soggetto)gCodice Soggetto SPICS: 2876